Fókuszban a kórusok és a zene A gyülekezet, a közönség énekelte az alapdallamot, a kórusok saját szólamaikkal léptek be, végül pedig a fúvoszenekar

Bibliographic Details
Main Author: Fecsó, Yvett, 1968- (Author)
Format: Article
Language:Hungarian
Slovak
Subjects:

MARC

LEADER 00000nab a2200000 a 4500
001 vtls000926520
003 SK-MaSNL
005 20260318121541.0
008 040720e20000720xo 0 hun
035 |a KE35397 
040 |a KEVKJB  |b slo  |c KEVKJB  |e AACR2 
041 1 |h slo 
044 |a xo  |c SK 
080 |a 284.2  |2 1981 
100 1 |a Fecsó, Yvett,  |d 1968-  |4 aut  |9 263020 
245 1 0 |a Fókuszban a kórusok és a zene  |b A gyülekezet, a közönség énekelte az alapdallamot, a kórusok saját szólamaikkal léptek be, végül pedig a fúvoszenekar 
518 |a 12.7.2000 
650 0 7 |a cirkev reformovaná  |2 KEVKJB  |9 882753 
650 0 7 |a stretnutie medzinárodné  |2 KEVKJB  |9 1016184 
650 0 7 |a reportáže  |2 KEVKJB  |9 75670 
651 7 |a Košice (Slovensko)  |2 KEVKJB  |9 18694 
651 7 |a KE,  |2 KEVKJB  |9 877256 
655 7 |a periodikum  |2 snkbucl  |9 29553 
773 0 8 |t Új Szó  |g Roč. 53  |g Roč. 28, č.166, 20.7.2000, s. 13 
852 |a ZVYKNI  |b KIS3GCP 
999 |c 3231007  |d 3232937